Statistics for Boxers who Beat Muhammad Ali

Click here to take the quiz!

General Stats

  • This quiz has been taken 138 times
  • The average score is 4 of 5

Answer Stats

#YearBoxer% Correct
American1971Joe Frazier
99%
American1980Larry Holmes
76%
American1973Ken Norton
75%
American1978Leon Spinks
74%
Canadian1981Trevor Berbick
57%

Score Distribution

Percentile by Number Answered

Percent of People with Each Score

Your Score History

You have not taken this quiz